000 01526cam a2200433 a 4500
001 9449370
003 USPCAS-E
005 20180118181417.0
006 m u
007 cr cn|||||||||
008 100903s2011 enka sb 001 0 eng d
010 _z 2010035043
020 _z9780470871928 (cloth)
020 _z9780470976913
020 _z9780470976753
020 _z9780470976906 (e-book)
035 _a(CaPaEBR)ebr10438390
035 _a(NNC)9449370
040 _aCaPaEBR
_cCaPaEBR
041 1 _aeng
_hger
050 1 4 _aTA1570
_b.B8313 2011eb
082 0 4 _a621.362
_222
_bBUD-T 2011
100 1 _aBudzier, Helmut.
240 1 0 _aThermische Infrarotsensoren.
_lEnglish
245 1 0 _aThermal infrared sensors
_h[electronic resource] :
_btheory, optimisation and practice /
_cHelmut Budzier and Gerald Gerlach ; translated by Dörte Müller.
260 _aChichester, U.K. ;
_aHoboken, N.J. :
_bWiley,
_c2011.
300 _axx, 302 p. :
_bill.
502 _a.
504 _aIncludes bibliographical references and index.
533 _aElectronic reproduction.
_bPalo Alto, Calif. :
_cebrary,
_d2011.
_nAvailable via World Wide Web.
_nAccess may be limited to ebrary affiliated libraries.
650 0 _aInfrared detectors.
655 7 _aElectronic books.
_2local
700 1 _aGerlach, Gerald.
700 1 _aMüller, Dörte.
710 2 _aebrary, Inc.
856 4 0 _uhttp://www.columbia.edu/cgi-bin/cul/resolve?clio9449370
_zClick here for full text.
942 _2ddc
_cBK
999 _c355900
_d355900